Women living with self-injury /

Bibliographic Details
Main Author: Hyman, Jane Wegscheider
Corporate Author: NetLibrary, Inc
Format: eBook
Language:English
Published: Philadelphia : Temple University Press, 1999.
Subjects:
Online Access:Connect to the full text of this electronic book

MARC

Tag First Indicator Second Indicator Subfields
LEADER 00000cam a2200000La 4500
001 in00001743913
005 20220105122425.0
006 m u
007 cr cn-
008 010406s1999 pau sb 001 0 eng d
010 |z  99017714  
020 |a 0585364079 (electronic bk.) :  |c $59.50 
020 |z 1566397200 (cloth : alk. paper) 
020 |z 1566397219 (pbk. : alk. paper) 
035 |a (OCoLC)ocm47010641 
035 |a 50472  |b (N$T) 
040 |a N$T  |c N$T  |d OCL  |d UtOrBLW 
049 |a IKMN 
050 1 4 |a RC552.S4  |b H95 1999eb 
082 0 4 |a 616.85/82/0082  |2 21 
100 1 |a Hyman, Jane Wegscheider.  |0 http://id.loc.gov/authorities/names/n89110003 
245 1 0 |a Women living with self-injury /  |c Jane Wegscheider Hyman. 
264 1 |a Philadelphia :  |b Temple University Press,  |c 1999. 
300 |a x, 214 pages ;  |c 24 cm. 
336 |a text  |b txt  |2 rdacontent 
337 |a computer  |b c  |2 rdamedia 
338 |a online resource  |b cr  |2 rdacarrier 
504 |a Includes bibliographical references (pages 200-210) and index. 
533 |a Electronic reproduction.  |b Boulder, Colo. :  |c NetLibrary,  |d 2001.  |n Available via World Wide Web.  |n Access may be limited to NetLibrary affiliated libraries. 
500 |a Electronic resource. 
650 0 |a Self-mutilation.  |0 http://id.loc.gov/authorities/subjects/sh85119771 
650 0 |a Women  |x Mental health.  |0 http://id.loc.gov/authorities/subjects/sh85147322 
650 0 |a Self-injurious behavior.  |0 http://id.loc.gov/authorities/subjects/sh91001773 
655 7 |a Electronic books.  |2 local 
710 2 |a NetLibrary, Inc.  |0 http://id.loc.gov/authorities/names/no99080690 
776 0 |c Original  |w (DLC) 99017714  |w (OCoLC)40776847 
856 4 1 |u https://proxy.library.tamu.edu/login?url=http://www.netLibrary.com/urlapi.asp?action=summary&v=1&bookid=50472  |z Connect to the full text of this electronic book  |t 0 
994 |a 92  |b IKM 
999 |a MARS 
999 f f |s bddb991d-028a-3246-86e9-88ebfb77e039  |i 3cc833c7-113c-33ab-8285-77cf74044f6e  |t 0 
952 f f |a Texas A&M University  |b College Station  |c Electronic Resources  |d Available Online  |t 0  |e RC552.S4 H95 1999eb  |h Library of Congress classification 
998 f f |a RC552.S4 H95 1999eb  |t 0  |l Available Online